Circuitos de pulsos: digitales y de conmutación

Uloženo v:
Podrobná bibliografie
Hlavní autor: Millman, Jacob, 1911-
Další autoři: Taub, Herbert, 1918-, Mexia Algar, Fernando Traductor, Aperribay, Jose F. Traductor, Olive, Joaquín Traductor
Médium: Kniha
Jazyk:Spanish
Vydáno: Madrid : Ediciones del Castillo 1969
Témata:
Tagy: Přidat tag
Žádné tagy, Buďte první, kdo vytvoří štítek k tomuto záznamu!

MARC

LEADER 00000nam a2200000Ia 4500
003 000354
005 20221231143939.0
008 140114s1969 sp 000 ||spa d
040 |c cru CEDI 
082 |a 621.381.5 M659c 
100 |a Millman, Jacob, 1911-  |9 19118 
245 |a Circuitos de pulsos: digitales y de conmutación 
260 |a Madrid : Ediciones del Castillo  |c 1969 
300 |a 912 páginas : ilustraciones 
650 |x CIRCUITOS ELECTRONICOS   |x CIRCUITOS DE IMPULSOS   |x DISPOSITIVOS DE DISTRIBUCION  |9 19226 
700 |9 19225  |a Taub, Herbert, 1918- 
700 |9 19227  |a Mexia Algar, Fernando   |d Traductor 
700 |9 19229  |a Aperribay, Jose F.  |d Traductor 
700 |9 19230  |a Olive, Joaquín  |d Traductor 
942 |2 ddc  |c BK 
999 |c 14640  |d 14640